| 000 | 00940nam a22002537a 4500 | ||
|---|---|---|---|
| 999 |
_c20801 _d20801 |
||
| 003 | AR-CdUCM | ||
| 008 | 190606b ||||| |||| 00| 0 spa d | ||
| 040 |
_aMUNICIPALIDAD PROVINCIAL DEL CUSCO _cBIBLIOTECA MUNICIPAL DEL CUSCO |
||
| 082 |
_a985.004 / _bES77 |
||
| 100 |
_aEscobar, Alberto _91581 |
||
| 110 |
_aInstituto de Estudios Peruanos _936 |
||
| 245 | _aEl reto del multilingüísmo en el Perú / | ||
| 260 |
_aLima : _bIEP, _c1972. |
||
| 300 |
_a281 páginas ; _c21 cm. |
||
| 440 |
_a9 _nPerú problema _943443 |
||
| 500 | _a[libro reempastado], a este libro le faltan hojas de la página 77 a la 80. | ||
| 505 | _aContenido: Lingüística y política -- Postulados Lingüísticos del idioma Aymara... | ||
| 650 |
_aAymara _97964 |
||
| 650 |
_aPolítica _9291 |
||
| 650 |
_aLingüística _91640 |
||
| 700 |
_aHardman,Martha, Torero,Alfredo, Parker, Gary, Pozzi-Escot, Iñés _943444 |
||
| 942 |
_2ddc _cLIBROS |
||
| 945 | _aAndy | ||